| 000 | 01289nam2a22002651 4500 | ||
|---|---|---|---|
| 001 | RU\NLR\INFOCOMM6\5000052510 | ||
| 005 | 20250617025927.0 | ||
| 035 | _a(NLR Aleph) 002401400 | ||
| 090 |
_a4660779 _c4660779 |
||
| 100 | _a20050115d1978 |||y0rusy50 ca | ||
| 101 | 0 | _arus | |
| 102 | _aRU | ||
| 105 | _ay ||||000|y | ||
| 200 | 1 |
_aОптимизация многофакторных процессов фармацевтической технологии с помощью планов дисперсионного анализа _fТ.А. Грошовый, Т.Г. Каленюк |
|
| 210 |
_d1978 _aБ. м. |
||
| 461 | 0 |
_1001RU\NLR\INFOCOMM6\5000052208 _12001#$aХимико-фармацевтическая промышленность$eОбзор. информ.$fМ-во мед. пром., ЦБНТИмедпром.$v1978, Вып.11 _94659649 _cМ. _d1970-1987 _fМ-во мед. пром., ЦБНТИмедпром. _oОбзор. информ. _tХимико-фармацевтическая промышленность _v1978, Вып.11 |
|
| 700 | 1 |
_aГрошовый _bТ.А. _4070 |
|
| 701 | 1 |
_aКаленюк _bТ.Г. _4070 |
|
| 801 | 1 |
_aRU _bInfoComm _c20050117 |
|
| 801 | 0 |
_aRU _bNLR _gPSBO |
|
| 852 |
_aNLR _jП22/3178 |
||
| 942 | _cISSUE | ||
| 980 | _aNB | ||
| 980 | _aRUSPER | ||